000 00620nam a2200193 i 4500
001 92225
003 ES-MaACL
005 20250910213557.0
007 t|
008 050223s1959 sp ||||1| spa d
245 0 0 _aLibro del idioma
_b: antología de prosa castellana /
_cSelección y vocabulario por Enrique Bagué y Oriol Martorell.
260 _aBarcelona :
_bSeix y Barral,
_c1959.
300 _a238 p ;
_c18 cm.
650 4 _aProsa española.
_9161550
700 1 _aMartorell, Oriol.
_978538
700 1 _aBagué, Enric,
_d1900-1987
_9161547
852 _aES-MaACL
_jC-15574
_bR.43671
999 _c92225
_d92225